Name Types of Creatures & Names - Harry Potter Movies - Statistics

General Stats
  • This quiz has been taken 29 times
    12 since last reset
  • The average score is 36 of 49
Answer Stats
Hint Answer % Correct
Beasts Acromantula
100%
Name Aragog
100%
Name Buckbeak
100%
Beasts Centaur
100%
Name Fawkes
100%
Name Firenze
100%
Beasts Hippogriff
100%
Dragons Hungarian Horntail
100%
Name Norbert
100%
Dragons Norwegian Ridgeback
100%
Beasts Phoenix
100%
Beasts Thestral
100%
Beasts Basilisk
80%
Name Bloody Baron
80%
Name Bogrod
80%
Dragons Chinese Fireball
80%
Dragons Common Welsh Green
80%
Name Dobby
80%
Name Flufffy
80%
Spirits Ghost
80%
Beings Giant
80%
Beings Goblin
80%
Name Grawp
80%
Name Grey Lady
80%
Name Griphook
80%
Beings House-Elf
80%
Name Kreacher
80%
Name Moaning Myrtle
80%
Name Nearly Headless Nick
80%
Name Remus Lupin
80%
Dragons Swedish Short-Snout
80%
Dragons Ukrainian Ironbelly
80%
Beasts Werewolf
80%
Spirits Boggart
60%
Beasts Cornish pixie
60%
Name Fenrir Greyback
60%
Beasts Grindylow
60%
Beasts Merpeople
60%
Beasts Mountain Troll
60%
Imaginary Creatures Nargle
60%
Beasts Three-Headed Dog
60%
Beasts Unicorn
60%
Spirits Banshee
40%
Spirits Dementor
40%
Beasts Pygmy Puff
40%
Imaginary Creatures Wrackspurt
40%
Beasts Bowtruckle
0%
Beasts Hinkypunk
0%
Beasts Red cap
0%
No matching quizzes found
Score Distribution
Percent of People with Each Score
Percentile by Number Answered
Your Score History
You have not taken this quiz since the last reset